000
00262nam a22001097a 4500
008
170123b xxu||||| |||| 00| 0 eng d
020
_a
9780721681030
041
_a
eng
080
_2
3RD
_a
618.2
245
_a
INTERPERSONAL RELATIONSHIPS
_c
ARNOLD, E
942
_2
udc
_c
BK
999
_c
3345
_d
3345